Úloha obchodných útvarov pri vývoji a tvorbe nových výrobkov záverečná práca postgraduálneho štúdia

Salvato in:
Dettagli Bibliografici
Autore principale: Maga, Marián
Ente Autore: Vysoká škola ekonomická v Bratislave
Altri autori: Brezník, Jozef
Natura: Libro
Lingua:slovacco
Pubblicazione: Bratislava 1989
Tags: Aggiungi Tag
Nessun Tag, puoi essere il primo ad aggiungerne!!

MARC

LEADER 00000nam a2200000 4500
001 c029348
005 20221215071740.3
041 0 |a slo 
044 |a SK 
245 1 0 |a Úloha obchodných útvarov pri vývoji a tvorbe nových výrobkov  |b záverečná práca postgraduálneho štúdia  |c Marián Maga ; ved. práce Jozef Brezník 
264 1 |a Bratislava  |c 1989 
300 |a 47 s. 
100 1 |a Maga, Marián 
700 1 |a Brezník, Jozef 
710 2 |a Vysoká škola ekonomická v Bratislave